Cities and new technologies.
Αποθηκεύτηκε σε:
| Συλλογικό Έργο: | , , , |
|---|---|
| Μορφή: | Βιβλίο |
| Γλώσσα: | English |
| Δημοσίευση: |
Paris :
Organisation for Economic Co-Operation and Development,
1992.
|
| Θέματα: | |
| Ετικέτες: |
Προσθήκη ετικέτας
Δεν υπάρχουν, Καταχωρήστε ετικέτα πρώτοι!
|
MARC
| LEADER | 00000cam a2200000 i 4500 | ||
|---|---|---|---|
| 001 | 1/1435 | ||
| 008 | 950511s1992 fr | ||| |||| ||eng|| | ||
| 020 | |a 926413591X | ||
| 035 | |l 10014438 | ||
| 040 | |a GR-MyUa |b gre |e AACR2 | ||
| 041 | 0 | |a eng | |
| 082 | 7 | |a 307.76 |2 (22) | |
| 245 | 0 | 0 | |a Cities and new technologies. |
| 260 | |a Paris : |b Organisation for Economic Co-Operation and Development, |c 1992. | ||
| 300 | |a 289 σ. ; |c 23 εκ. | ||
| 500 | |a Proceedings of a conference held in Paris, Nov. 26-27, 1990 by the OECD Group on Urban Affairs in cooperation with the Delegation francaise a la ville and URBA 2000. | ||
| 504 | |a Περιλαμβάνει βιβλιογραφικές παραπομπές. | ||
| 610 | 2 | 0 | |a Organisation for Economic Co-operation and Development |x Congresses. |
| 650 | 0 | 0 | |a Cities and towns |x Effects of technological innovations on |x Congresses. |
| 650 | 0 | 0 | |a Urban policy |x Congresses. |
| 650 | 0 | 0 | |a Information society |x Congresses. |
| 710 | 2 | |a Organisation for Economic Co-operation and Development. | |
| 710 | 2 | |a France |b Delegation Interministrielle a la Ville. | |
| 710 | 2 | |a URBA 2000. | |
| 710 | 2 | |a OECD Group on Urban Affairs. | |
| 852 | |a INST |b LESVOS |e 19950511 |h 307.76 CIT |p 005100001023 |q 005100001023 |t BK |y 0 | ||
| 852 | |a INST |b LESVOS |e 19950710 |h 307.76 CIT |p 005100007837 |q 005100007837 |t BK |y 0 | ||
| 922 | |a 1ΕΛΗ |b 199206 |c ΠΠ/2158 | ||